000 00341pam a2200145 a 4500
020 _c
041 _aeng
082 _a574.192
_bDEV
100 _aDevlin TM.
245 _aText Book of Biochemistry
_bwith Clinical correlations
_hTextual Documents
250 _a2010.
260 _a[s.l]:
_bASM Press
300 _a1204 pg .
930 _a9332
999 _c86237
_d86237